000 01587cam a22004217a 4500
003 CHAP
005 20220329142829.0
008 040602s2003 mx ad r 00010 spa d
010 _a88395
011 _a89367
035 _a99918
040 _cCHAP
090 _aTesis
100 0 0 _aVallejo Pérez, Moisés Roberto.
_9117645
245 1 0 _aEnfermedades del pimiento marrón (Capsicum annuum L.), en postcosecha
_c/por Moisés Roberto Vallejo Pérez
260 _aChapingo, Méx. :
_bEl autor,
_c2003
300 _a69 h. :
_bilus. ; gráfs. ; cuadros
502 _aTesis (Ing. Agr. Esp. en Parasitología Agrícola) -- UACH. Departamento de Parasitología Agrícola
530 _aTambién disponible en línea
590 _aALEPH
_b10
_c20130110
_lUCH01
_h1458
590 _aBATCH-UPD
_b10
_c20130110
_lUCH01
_h0705
590 _aBATCH-UPD
_b10
_c20130410
_lUCH01
_h0351
590 _aBATCH-UPD
_b10
_c20130914
_lUCH01
_h0841
590 _aBATCH-UPD
_b10
_c20140324
_lUCH01
_h1445
590 _aBATCH-UPD
_b10
_c20141002
_lUCH01
_h0822
590 _aCONVERSION
_b10
_c20130109
_lUCH01
_h1349
650 1 4 _aAlternaria.
_94675
650 1 4 _aCapsicum annum.
_918733
650 1 4 _aChile pimiento
_xEnfermedades.
_922476
650 1 4 _aColletotrichum.
_925250
650 1 4 _aPhytophthora.
_987918
856 _3Finding aid
_uhttp://10.13.5.2/tesis/99918.pdf
_zTeclea aqui
901 _aBK
905 _aMarco A. Mendoza T.
942 _cFOLL
949 _aTesis
_bBC
_cTES
_d33724000926655
_eTS2
_fc.2
_gDonaciØn
_h41994
_i99918
_si
949 _aTesis
_bBC
_cTES
_d999181
_eTS1
_gDonaciØn
_h41993
_i99918
_sb
999 _c88395
_d88395